The world encyclopedia of musical instruments

Bibliographic Details
Main Author: Wade-Matthews, Max
Format: Book
Published: London : Hermes House , 2010
Subjects:

MARC

LEADER 00000cam a2200000 7i4500
001 0000040961
005 20140527.0
008 140527
020 |a 1846814758 
090 0 0 |a 681.8   |b WAD 
100 1 |a Wade-Matthews, Max 
245 1 4 |a The world encyclopedia of musical instruments   |c Max Wade-Matthews 
260 |a London :   |b Hermes House ,   |c 2010 
650 0 |a Musical instruments 
650 0 |a Musical instruments   |x Encyclopedias 
999 |a 0001292804   |b Book   |c Adult Collection   |e Perbadanan Perpustakaan Awam Johor